| 000 | 004580000a22001690004500 | ||
|---|---|---|---|
| 003 | MACL | ||
| 005 | 20151231143828.0 | ||
| 008 | 151231b xxu||||| |||| 00| 0 eng d | ||
| 040 |
_aMACL _cMACL |
||
| 041 | _aEnglish | ||
| 082 | _a370/OWE | ||
| 100 |
_aOwen, Sir Hugh _925761 |
||
| 245 |
_aThe Education Acts 1870-1902 _bAnd other Acts Relating to Education |
||
| 260 |
_bKnight & Co _c1903 _aLondon |
||
| 650 |
_aEducation _925762 |
||
| 942 |
_cBK _k370/OWE _2ddc |
||
| 999 |
_c38212 _d38212 |
||